000 00615cam a22002053a 4500
001 39732
003 PGUSA
005 20140828083903.0
008 120518s2012||||xxu|||||s|||||000 | eng d
040 _aPGUSA
_beng
042 _adc
100 1 _aChipman, William Pendleton
245 1 0 _aBudd Boyd's Triumph ;
_bor, The Boy-Firm of Fox Island
_h[electronic resource] /
_cWilliam Pendleton Chipman
260 _bProject Gutenberg,
_c2012
506 _aPublic domain in the USA.
516 _aElectronic text
830 0 _aProject Gutenberg
_v39732
856 4 0 _uhttp://www.gutenberg.org/ebooks/39732
942 _cEB
999 _c268985
_d268985